000 00422nam a22001817a 4500
003 MPLRDC
005 20220104181722.0
008 210129b ||||| |||| 00| 0 eng d
082 _a524.934 LSL-2 2000
100 _aLEE SIN LIAN
245 _aSEJARAH PMR
_c
250 _a初版
260 _a
_bPELANGI
_c2000
300 _b
490 _aFOKUS JINGGA
650 _a自修用书
942 _cBK
_o524.934 LSL-2 2000
999 _c61594
_d61584